Abschied vom Marketing. <Ein> Denkanstoss von Gerd Gerken - in 5 Folgen.
Očakávaná situácia značiek v prostredí konca 90. rokov a z nej vyplývajúca nová politika značiek. Očakávané urýchlenie zmien vo všetkých oblastiach života a tým podmieňovaná túžba po novinkách. Nutnosť rýchlej a včasnej reakcie na zmeny.
Saved in:
| Main Author: | |
|---|---|
| Format: | Book Chapter |
| Language: | German |
| Subjects: | |
| Tags: |
No Tags, Be the first to tag this record!
|
MARC
| LEADER | 00000naa a2200000 4500 | ||
|---|---|---|---|
| 001 | r003003 | ||
| 005 | 20220819193627.4 | ||
| 041 | 0 | |a ger | |
| 044 | |a DE | ||
| 245 | 1 | 0 | |a Abschied vom Marketing. |b <Ein> Denkanstoss von Gerd Gerken - in 5 Folgen. |c G. Gerken |
| 520 | |a Očakávaná situácia značiek v prostredí konca 90. rokov a z nej vyplývajúca nová politika značiek. Očakávané urýchlenie zmien vo všetkých oblastiach života a tým podmieňovaná túžba po novinkách. Nutnosť rýchlej a včasnej reakcie na zmeny. | ||
| 610 | 2 | 0 | |a marketing |
| 610 | 2 | 0 | |a výrobky nové |
| 610 | 2 | 0 | |a inovácia |
| 610 | 2 | 0 | |a zmeny technologické |
| 100 | 1 | |a Gerken, G. | |